Aplikácia na využitie StegoStorage pod OS Windows
Saved in:
| Main Author: | |
|---|---|
| Other Authors: | |
| Format: | Manuscript Book |
| Language: | Slovak |
| Published: |
2015
|
| Subjects: | |
| Online Access: | http://is.stuba.sk/zp/portal_zp.pl?podrobnosti=97869 |
| Tags: |
No Tags, Be the first to tag this record!
|
MARC
| LEADER | 00000ntm a22000003a 4500 | ||
|---|---|---|---|
| 001 | stuzp49717 | ||
| 003 | SK-STU | ||
| 005 | 20160719153349.7 | ||
| 007 | ta | ||
| 008 | 150427s2015----xo-----f-mn---000-0-slo-d | ||
| 040 | |a STU |b slo | ||
| 041 | 0 | |a slo | |
| 100 | 1 | |a Blaškovič, Peter |u 035000 |4 aut |U FEI Fakulta elektrotechniky a informatiky |T FEI Ústav informatiky a matematiky |X 54061 |U E050 |Y 816 |7 54061 | |
| 242 | 0 | 1 | |a Application using StegoStorage on the Windows OS |y eng |
| 245 | 1 | 0 | |a Aplikácia na využitie StegoStorage pod OS Windows |
| 260 | |c 2015 | ||
| 300 | |a 35 s., príl. |b CD-ROM | ||
| 650 | 4 | |a aplikácia |2 slo | |
| 650 | 4 | |a StegoStorage |2 slo | |
| 650 | 4 | |a steganografia |2 slo | |
| 650 | 4 | |a Windows |2 slo | |
| 650 | 4 | |a ovládač |2 slo | |
| 650 | 4 | |a ImDisk |2 slo | |
| 650 | 4 | |a RAM disk |2 slo | |
| 650 | 4 | |a virtuálny disk |2 slo | |
| 650 | 4 | |a steganografické úložisko |2 slo | |
| 650 | 4 | |a RAM disk |2 eng | |
| 650 | 4 | |a virtual disk |2 eng | |
| 650 | 4 | |a steganography |2 eng | |
| 650 | 4 | |a Windows |2 eng | |
| 650 | 4 | |a StegoStorage |2 eng | |
| 650 | 4 | |a driver |2 eng | |
| 650 | 4 | |a application |2 eng | |
| 650 | 4 | |a ImDisk |2 eng | |
| 650 | 4 | |a steganography storage |2 eng | |
| 700 | 1 | |a Jókay, Matúš |4 ths |X 10139 |7 A000010139 | |
| 856 | 4 | |u http://is.stuba.sk/zp/portal_zp.pl?podrobnosti=97869 | |
| 996 | |b 284ER01937 |c E*Bc- 1937 |l EE35 |s P |a 0 |w stuzp49717_0001 | ||
| SQL | |a stuzp49717 |b DBP |c SLO |d Aplikácia na využitie StegoStorage pod OS Windows |e 54061 |f Blaškovič, Peter |g 035000 |h 10139 |i Jókay, Matúš |j 20150706 |k 73 |l 03 |m http://is.stuba.sk/zp/portal_zp.pl?podrobnosti=97869 |n B-API |o 9.2.9. aplikovaná informatika | ||